| 000 | 00743nam a2200217 a 4500 | ||
|---|---|---|---|
| 001 | BRCA_2968 | ||
| 005 | 20190320204041.0 | ||
| 008 | 181208s1919----mx-a---###---#000-0#spa-u | ||
| 050 | 4 |
_aDA630 _b.R66 1919 |
|
| 100 | 1 |
_aRomero de Terreros y Villamil, Juan _d1818-1862 _98231 |
|
| 245 | 1 | 0 |
_aApuntaciones de viaje en 1849 _cJuan Romero Terreros ; publicalas el Marques de San Francisco. |
| 260 |
_aMéxico _bP. Robredo _c1919 |
||
| 300 |
_a1 v. (en varias paginaciones) _bil. _c24 cm. |
||
| 500 | _aEjemplar numerado 55 de 100 | ||
| 500 | _aIncluye una nota sin paginación | ||
| 500 | _aB110 | ||
| 651 | 4 |
_aInglaterra _xDescripción y viajes _98232 |
|
| 651 | 4 |
_aEstados Unidos _xDescripción y viajes _98233 |
|
| 902 | _aGFM | ||
| 942 |
_2lcc _cB |
||
| 999 |
_c2707 _d2707 |
||